[Event "DVM U20 2021"]
[Site "Kiel GER"]
[Date "2022.07.24"]
[Round "3"]
[White "Mooser, Nicolas"]
[Black "Goldbeck, Lars"]
[Result "0-1"]
[Termination "normal"]
[Board "5.1"]
[BlackTitle "FM"]
[WhiteElo "2025"]
[BlackElo "2228"]
[WhiteClock "00:23:25"]
[BlackClock "00:28:55"]
[WhiteTeam "FC Ergolding 1932 e.V."]
[BlackTeam "SC Bavaria Regensburg von 1881 e.V."]
[PlyCount "92"]
[WhiteFideId "12979406"]
[BlackFideId "16208188"]
[EventCountry "GER"]
[EventRounds "7"]
[EventType "team-swiss"]
[EventDate "2022.07.22"]

1. d4 {[%clk 01:30:54]} {[%emt 00:00:04]} Nf6 {[%clk 01:30:49]} {[%emt
00:00:11]} 2. c4 {[%clk 01:31:19]} {[%emt 00:00:05]} e6 {[%clk 01:31:17]}
{[%emt 00:00:03]} 3. g3 {[%clk 01:31:43]} {[%emt 00:00:06]} Bb4+ {[%clk
01:31:44]} {[%emt 00:00:03]} 4. Bd2 {[%clk 01:32:04]} {[%emt 00:00:09]} a5
{[%clk 01:32:13]} {[%emt 00:00:01]} 5. Bg2 {[%clk 01:32:14]} {[%emt 00:00:19]}
O-O {[%clk 01:32:34]} {[%emt 00:00:10]} 6. Nf3 {[%clk 01:32:36]} {[%emt
00:00:07]} d5 {[%clk 01:33:00]} {[%emt 00:00:04]} 7. O-O {[%clk 01:31:55]}
{[%emt 00:01:07]} Be7 {[%clk 01:33:22]} {[%emt 00:00:12]} 8. b3 {[%clk
01:27:48]} {[%emt 00:04:37]} c6 {[%clk 01:29:58]} {[%emt 00:03:54]} 9. Qc2
{[%clk 01:25:28]} {[%emt 00:02:49]} Nbd7 {[%clk 01:29:06]} {[%emt 00:01:24]}
10. Rd1 {[%clk 01:22:03]} {[%emt 00:03:54]} b5 {[%clk 01:27:59]} {[%emt
00:01:38]} 11. Bc1 {[%clk 01:09:42]} {[%emt 00:12:51]} Ne4 {[%clk 01:19:28]}
{[%emt 00:09:01]} 12. Nbd2 {[%clk 01:08:08]} {[%emt 00:02:03]} f5 {[%clk
01:18:25]} {[%emt 00:01:34]} 13. Ne5 {[%clk 01:00:12]} {[%emt 00:08:25]} Nxe5
{[%clk 01:13:36]} {[%emt 00:05:19]} 14. dxe5 {[%clk 00:58:48]} {[%emt
00:01:54]} Qb6 {[%clk 00:59:42]} {[%emt 00:14:24]} 15. Nxe4 {[%clk 00:55:39]}
{[%emt 00:03:40]} fxe4 {[%clk 00:57:03]} {[%emt 00:03:09]} 16. e3 {[%clk
00:51:19]} {[%emt 00:04:49]} Ba6 {[%clk 00:46:45]} {[%emt 00:10:49]} 17. Bf1
{[%clk 00:48:57]} {[%emt 00:02:50]} Rad8 {[%clk 00:40:58]} {[%emt 00:06:18]}
18. Rb1 {[%clk 00:33:56]} {[%emt 00:15:31]} Kh8 {[%clk 00:37:55]} {[%emt
00:03:33]} 19. Bb2 {[%clk 00:30:34]} {[%emt 00:03:52]} c5 {[%clk 00:36:18]}
{[%emt 00:02:08]} 20. a4 {[%clk 00:26:59]} {[%emt 00:04:04]} b4 {[%clk
00:36:18]} {[%emt 00:00:30]} 21. Rbc1 {[%clk 00:23:58]} {[%emt 00:03:31]} Bb7
{[%clk 00:34:35]} {[%emt 00:02:14]} 22. Bg2 {[%clk 00:22:04]} {[%emt 00:02:23]}
Qc6 {[%clk 00:28:00]} {[%emt 00:07:06]} 23. Rd2 {[%clk 00:19:46]} {[%emt
00:02:48]} Qe8 {[%clk 00:25:23]} {[%emt 00:03:07]} 24. h4 {[%clk 00:12:47]}
{[%emt 00:07:28]} dxc4 {[%clk 00:17:00]} {[%emt 00:08:54]} 25. Rxd8 {[%clk
00:11:46]} {[%emt 00:01:31]} Qxd8 {[%clk 00:17:25]} {[%emt 00:00:05]} 26. bxc4
{[%clk 00:08:34]} {[%emt 00:03:42]} Qe8 {[%clk 00:17:42]} {[%emt 00:00:14]} 27.
Rd1 {[%clk 00:04:52]} {[%emt 00:04:11]} Qc6 {[%clk 00:17:58]} {[%emt 00:00:14]}
28. Rd2 {[%clk 00:04:20]} {[%emt 00:01:02]} Rd8 {[%clk 00:17:11]} {[%emt
00:01:18]} 29. Rxd8+ {[%clk 00:04:11]} {[%emt 00:00:38]} Bxd8 {[%clk 00:17:40]}
30. Qd1 {[%clk 00:04:00]} {[%emt 00:00:41]} Be7 {[%clk 00:17:16]} {[%emt
00:00:54]} 31. Bh3 {[%clk 00:03:25]} {[%emt 00:01:05]} Ba6 {[%clk 00:13:07]}
{[%emt 00:04:39]} 32. Bf1 {[%clk 00:03:39]} {[%emt 00:00:15]} Bc8 {[%clk
00:11:13]} {[%emt 00:02:24]} 33. Bg2 {[%clk 00:02:58]} {[%emt 00:01:11]} Kg8
{[%clk 00:10:32]} {[%emt 00:01:11]} 34. h5 {[%clk 00:02:02]} {[%emt 00:01:26]}
Qd7 {[%clk 00:07:40]} {[%emt 00:03:23]} 35. Qg4 {[%clk 00:01:58]} {[%emt
00:00:33]} Qxa4 {[%clk 00:07:02]} {[%emt 00:01:08]} 36. Bxe4 {[%clk 00:02:21]}
{[%emt 00:00:06]} Qe8 {[%clk 00:07:18]} {[%emt 00:00:15]} 37. f4 {[%clk
00:01:46]} {[%emt 00:01:04]} Bf8 {[%clk 00:05:39]} {[%emt 00:02:09]} 38. h6
{[%clk 00:01:48]} {[%emt 00:00:29]} g6 {[%clk 00:06:02]} {[%emt 00:00:07]} 39.
Bc2 {[%clk 00:00:46]} {[%emt 00:01:31]} a4 {[%clk 00:05:58]} {[%emt 00:00:35]}
40. Qh3 {[%clk 00:00:32]} {[%emt 00:00:42]} Qd7 {[%clk 00:04:52]} {[%emt
00:01:37]} 41. Qh2 {[%clk 00:25:24]} {[%emt 00:05:37]} b3 {[%clk 00:31:53]}
{[%emt 00:03:30]} 42. Be4 {[%clk 00:25:23]} {[%emt 00:00:31]} Qd1+ {[%clk
00:32:06]} {[%emt 00:00:17]} 43. Kg2 {[%clk 00:25:42]} {[%emt 00:00:10]} Qe2+
{[%clk 00:31:28]} {[%emt 00:01:09]} 44. Kh3 {[%clk 00:24:12]} {[%emt 00:02:00]}
Qh5+ {[%clk 00:28:30]} {[%emt 00:03:29]} 45. Kg2 {[%clk 00:23:03]} {[%emt
00:01:39]} Qe2+ {[%clk 00:28:55]} {[%emt 00:00:05]} 46. Kh3 {[%clk 00:23:25]}
{[%emt 00:00:07]} Qxe3 {[%emt 00:01:43]} 0-1

[Event "DVM U20 2021"]
[Site "Kiel GER"]
[Date "2022.07.24"]
[Round "3"]
[White "Arnhold, Steffi"]
[Black "Lohr, Maximilian"]
[Result "1/2-1/2"]
[Termination "normal"]
[Board "5.2"]
[WhiteElo "2107"]
[BlackElo "2092"]
[WhiteClock "00:01:40"]
[BlackClock "00:24:48"]
[WhiteTeam "SC Bavaria Regensburg von 1881 e.V."]
[BlackTeam "FC Ergolding 1932 e.V."]
[PlyCount "171"]
[WhiteFideId "12931365"]
[BlackFideId "12999717"]
[EventCountry "GER"]
[EventRounds "7"]
[EventType "team-swiss"]
[EventDate "2022.07.22"]

1. e4 {[%clk 01:30:57]} {[%emt 00:00:03]} e5 {[%clk 01:30:54]} {[%emt
00:00:06]} 2. Nf3 {[%clk 01:31:04]} {[%emt 00:00:23]} Nf6 {[%clk 01:31:18]}
{[%emt 00:00:06]} 3. Nc3 {[%clk 01:31:12]} {[%emt 00:00:22]} Nc6 {[%clk
01:31:42]} {[%emt 00:00:06]} 4. d4 {[%clk 01:31:20]} {[%emt 00:00:22]} exd4
{[%clk 01:32:06]} {[%emt 00:00:07]} 5. Nxd4 {[%clk 01:31:41]} {[%emt 00:00:08]}
Bb4 {[%clk 01:32:31]} {[%emt 00:00:05]} 6. Nxc6 {[%clk 01:31:50]} {[%emt
00:00:22]} bxc6 {[%clk 01:32:56]} {[%emt 00:00:04]} 7. Bd3 {[%clk 01:32:07]}
{[%emt 00:00:13]} d5 {[%clk 01:33:22]} {[%emt 00:00:05]} 8. exd5 {[%clk
01:32:19]} {[%emt 00:00:19]} O-O {[%clk 01:33:43]} {[%emt 00:00:08]} 9. O-O
{[%clk 01:32:23]} {[%emt 00:00:26]} cxd5 {[%clk 01:34:09]} {[%emt 00:00:04]}
10. Qf3 {[%clk 01:31:24]} {[%emt 00:01:29]} Bg4 {[%clk 01:33:28]} {[%emt
00:01:11]} 11. Qg3 {[%clk 01:29:18]} {[%emt 00:02:35]} Bd6 {[%clk 01:33:49]}
{[%emt 00:00:09]} 12. Qh4 {[%clk 01:26:37]} {[%emt 00:03:12]} Be6 {[%clk
01:29:58]} {[%emt 00:04:21]} 13. Bf4 {[%clk 01:17:15]} {[%emt 00:09:52]} c5
{[%clk 01:24:56]} {[%emt 00:05:32]} 14. Rad1 {[%clk 01:10:30]} {[%emt
00:07:15]} Bxf4 {[%clk 01:24:05]} {[%emt 00:01:21]} 15. Qxf4 {[%clk 01:10:41]}
{[%emt 00:00:19]} Qb8 {[%clk 01:24:30]} {[%emt 00:00:04]} 16. Qxb8 {[%clk
00:59:15]} {[%emt 00:11:57]} Raxb8 {[%clk 01:24:51]} {[%emt 00:00:13]} 17. b3
{[%clk 00:56:16]} {[%emt 00:03:24]} Rfd8 {[%clk 01:21:24]} {[%emt 00:03:57]}
18. Be2 {[%clk 00:52:49]} {[%emt 00:03:57]} Rbc8 {[%clk 01:20:41]} {[%emt
00:01:12]} 19. Bf3 {[%clk 00:49:20]} {[%emt 00:03:59]} d4 {[%clk 01:18:47]}
{[%emt 00:02:23]} 20. Nb5 {[%clk 00:35:48]} {[%emt 00:14:03]} Bd5 {[%clk
01:10:51]} {[%emt 00:08:26]} 21. Bxd5 {[%clk 00:28:56]} {[%emt 00:07:22]} Nxd5
{[%clk 01:11:11]} {[%emt 00:00:09]} 22. a4 {[%clk 00:27:30]} {[%emt 00:01:56]}
a6 {[%clk 01:10:39]} {[%emt 00:01:02]} 23. Na3 {[%clk 00:27:41]} {[%emt
00:00:19]} Nc3 {[%clk 01:10:19]} {[%emt 00:00:50]} 24. Rde1 {[%clk 00:23:20]}
{[%emt 00:04:52]} Re8 {[%clk 01:10:40]} {[%emt 00:00:08]} 25. f3 {[%clk
00:21:44]} {[%emt 00:02:07]} Re2 {[%clk 00:51:50]} {[%emt 00:19:19]} 26. Rxe2
{[%clk 00:20:28]} {[%emt 00:01:47]} Nxe2+ {[%clk 00:51:47]} {[%emt 00:00:33]}
27. Kf2 {[%clk 00:20:50]} {[%emt 00:00:08]} Nf4 {[%clk 00:52:12]} {[%emt
00:00:05]} 28. Re1 {[%clk 00:17:54]} {[%emt 00:03:27]} Kf8 {[%clk 00:48:36]}
{[%emt 00:04:05]} 29. g3 {[%clk 00:15:40]} {[%emt 00:02:44]} Nd5 {[%clk
00:48:54]} {[%emt 00:00:11]} 30. Re5 {[%clk 00:13:55]} {[%emt 00:02:17]} Nb4
{[%clk 00:47:12]} {[%emt 00:02:12]} 31. Ke2 {[%clk 00:12:32]} {[%emt 00:01:53]}
f6 {[%clk 00:46:57]} {[%emt 00:00:44]} 32. Re4 {[%clk 00:12:20]} {[%emt
00:00:43]} Kf7 {[%clk 00:44:11]} {[%emt 00:03:16]} 33. Kd2 {[%clk 00:11:05]}
{[%emt 00:01:45]} Nd5 {[%clk 00:41:24]} {[%emt 00:03:17]} 34. Nc4 {[%clk
00:11:00]} {[%emt 00:00:35]} Rd8 {[%clk 00:41:29]} {[%emt 00:00:24]} 35. Re1
{[%clk 00:09:14]} {[%emt 00:02:17]} h5 {[%clk 00:41:13]} {[%emt 00:00:46]} 36.
Re4 {[%clk 00:08:38]} {[%emt 00:01:06]} Nc3 {[%clk 00:41:14]} {[%emt 00:00:29]}
37. Re1 {[%clk 00:08:38]} {[%emt 00:00:30]} h4 {[%clk 00:41:03]} {[%emt
00:00:41]} 38. g4 {[%clk 00:07:31]} {[%emt 00:01:38]} g5 {[%clk 00:40:37]}
{[%emt 00:00:56]} 39. Nb6 {[%clk 00:04:01]} {[%emt 00:03:59]} Rd6 {[%clk
00:33:19]} {[%emt 00:07:45]} 40. Nc4 {[%clk 00:02:21]} {[%emt 00:02:13]} Rc6
{[%clk 00:32:03]} {[%emt 00:01:45]} 41. Na5 {[%clk 00:01:34]} {[%emt 00:01:18]}
Rc7 {[%clk 00:31:59]} {[%emt 00:00:33]} 42. Nc4 {[%clk 00:29:23]} {[%emt
00:02:42]} Rd7 {[%clk 00:52:53]} {[%emt 00:09:35]} 43. Kd3 {[%clk 00:24:47]}
{[%emt 00:05:07]} Nd5 {[%clk 00:50:59]} {[%emt 00:02:24]} 44. Kd2 {[%clk
00:20:10]} {[%emt 00:05:08]} Nf4 {[%clk 00:48:21]} {[%emt 00:03:08]} 45. Nb2
{[%clk 00:19:05]} {[%emt 00:01:34]} Ng2 {[%clk 00:42:53]} {[%emt 00:05:58]} 46.
Re4 {[%clk 00:17:44]} {[%emt 00:01:52]} Ne3 {[%clk 00:43:06]} {[%emt 00:00:17]}
47. h3 {[%clk 00:15:56]} {[%emt 00:02:18]} Nd5 {[%clk 00:43:22]} {[%emt
00:00:14]} 48. Nd3 {[%clk 00:15:55]} {[%emt 00:00:31]} Rc7 {[%clk 00:41:28]}
{[%emt 00:02:23]} 49. Nf2 {[%clk 00:15:53]} {[%emt 00:00:33]} Nf4 {[%clk
00:41:40]} {[%emt 00:00:18]} 50. Kd1 {[%clk 00:14:07]} {[%emt 00:02:17]} a5
{[%clk 00:38:38]} {[%emt 00:03:31]} 51. Kd2 {[%clk 00:14:04]} {[%emt 00:00:34]}
Ne6 {[%clk 00:36:46]} {[%emt 00:02:21]} 52. Kd3 {[%clk 00:07:43]} {[%emt
00:06:52]} c4+ {[%clk 00:31:55]} {[%emt 00:05:20]} 53. bxc4 {[%clk 00:08:07]}
{[%emt 00:00:06]} Rd7 {[%clk 00:31:57]} {[%emt 00:00:27]} 54. Re1 {[%clk
00:07:20]} {[%emt 00:01:18]} Nc5+ {[%clk 00:31:47]} {[%emt 00:00:38]} 55. Kd2
{[%clk 00:07:26]} {[%emt 00:00:27]} Nxa4 {[%clk 00:31:41]} {[%emt 00:00:36]}
56. Rb1 {[%clk 00:06:20]} {[%emt 00:01:36]} Nc3 {[%clk 00:28:13]} {[%emt
00:03:58]} 57. Rb6 {[%clk 00:06:01]} {[%emt 00:00:50]} Re7 {[%clk 00:27:50]}
{[%emt 00:00:53]} 58. Ne4 {[%clk 00:04:35]} {[%emt 00:01:56]} Nxe4+ {[%clk
00:28:00]} {[%emt 00:00:19]} 59. fxe4 {[%clk 00:05:02]} {[%emt 00:00:04]} Rxe4
{[%clk 00:28:27]} {[%emt 00:00:03]} 60. c5 {[%clk 00:04:07]} {[%emt 00:01:25]}
Re3 {[%clk 00:27:58]} {[%emt 00:00:58]} 61. Rd6 {[%clk 00:02:50]} {[%emt
00:01:48]} Rc3 {[%clk 00:27:18]} {[%emt 00:01:10]} 62. Rxd4 {[%clk 00:03:10]}
{[%emt 00:00:11]} Rxc5 {[%clk 00:27:42]} {[%emt 00:00:06]} 63. Rd7+ {[%clk
00:01:57]} {[%emt 00:01:44]} Ke6 {[%clk 00:27:57]} {[%emt 00:00:14]} 64. Ra7
{[%clk 00:02:12]} {[%emt 00:00:15]} f5 {[%clk 00:27:15]} {[%emt 00:01:11]} 65.
gxf5+ {[%clk 00:02:12]} {[%emt 00:00:30]} Kxf5 {[%clk 00:27:39]} {[%emt
00:00:06]} 66. Rf7+ {[%clk 00:02:37]} {[%emt 00:00:05]} Ke4 {[%clk 00:27:57]}
{[%emt 00:00:11]} 67. Rf1 {[%clk 00:02:13]} {[%emt 00:00:53]} a4 {[%clk
00:26:31]} {[%emt 00:01:56]} 68. Ra1 {[%clk 00:02:12]} {[%emt 00:00:32]} Ra5
{[%clk 00:26:03]} {[%emt 00:00:58]} 69. Ra3 {[%clk 00:02:23]} {[%emt 00:00:20]}
Kf4 {[%clk 00:26:04]} {[%emt 00:00:28]} 70. Ke2 {[%clk 00:01:30]} {[%emt
00:01:24]} Re5+ {[%clk 00:26:15]} {[%emt 00:00:18]} 71. Kf2 {[%clk 00:01:48]}
{[%emt 00:00:13]} Re4 {[%clk 00:26:30]} {[%emt 00:00:15]} 72. Rf3+ {[%clk
00:01:36]} {[%emt 00:00:42]} Ke5 {[%clk 00:26:54]} {[%emt 00:00:06]} 73. Ra3
{[%clk 00:01:57]} {[%emt 00:00:10]} Kd5 {[%clk 00:26:04]} {[%emt 00:01:19]} 74.
Kf3 {[%clk 00:01:52]} {[%emt 00:00:35]} Rf4+ {[%clk 00:25:32]} {[%emt
00:01:02]} 75. Ke2 {[%clk 00:01:42]} {[%emt 00:00:40]} Kc5 {[%clk 00:25:39]}
{[%emt 00:00:23]} 76. c3 {[%clk 00:01:48]} {[%emt 00:00:25]} Kd5 {[%clk
00:24:55]} {[%emt 00:01:14]} 77. Ra1 {[%clk 00:02:00]} {[%emt 00:00:18]} Ke5
{[%clk 00:25:15]} {[%emt 00:00:10]} 78. Ke3 {[%clk 00:01:43]} {[%emt 00:00:47]}
Kf5 {[%clk 00:25:28]} {[%emt 00:00:16]} 79. Ke2 {[%clk 00:01:53]} {[%emt
00:00:21]} g4 {[%clk 00:25:44]} {[%emt 00:00:14]} 80. hxg4+ {[%clk 00:02:18]}
{[%emt 00:00:05]} Kxg4 {[%clk 00:26:10]} {[%emt 00:00:04]} 81. Rg1+ {[%clk
00:01:49]} {[%emt 00:00:58]} Kh3 {[%clk 00:26:31]} {[%emt 00:00:09]} 82. Ke3
{[%clk 00:01:47]} {[%emt 00:00:33]} Rf8 {[%clk 00:26:54]} {[%emt 00:00:06]} 83.
c4 {[%clk 00:01:25]} {[%emt 00:00:52]} Kh2 {[%clk 00:25:55]} {[%emt 00:01:28]}
84. Ra1 {[%clk 00:01:38]} {[%emt 00:00:17]} Ra8 {[%clk 00:24:56]} {[%emt
00:01:29]} 85. Kf3 {[%clk 00:01:19]} {[%emt 00:00:51]} a3 {[%clk 00:24:48]}
{[%emt 00:00:37]} 86. Ra2+ {[%clk 00:01:40]} {[%emt 00:00:09]} *

[Event "DVM U20 2021"]
[Site "Kiel GER"]
[Date "2022.07.24"]
[Round "3"]
[White "Lichtmannecker, Daniel"]
[Black "Steinhauer, Artur"]
[Result "1-0"]
[Termination "normal"]
[Board "5.3"]
[WhiteElo "2013"]
[BlackElo "1901"]
[WhiteClock "00:20:23"]
[BlackClock "00:48:44"]
[WhiteTeam "FC Ergolding 1932 e.V."]
[BlackTeam "SC Bavaria Regensburg von 1881 e.V."]
[PlyCount "115"]
[WhiteFideId "12979414"]
[BlackFideId "16263596"]
[EventCountry "GER"]
[EventRounds "7"]
[EventType "team-swiss"]
[EventDate "2022.07.22"]

1. e4 {[%clk 01:30:59]} c6 {[%clk 01:30:55]} {[%emt 00:00:06]} 2. Nc3 {[%clk
01:31:16]} {[%emt 00:00:12]} d5 {[%clk 01:31:19]} {[%emt 00:00:05]} 3. Nf3
{[%clk 01:31:41]} {[%emt 00:00:06]} dxe4 {[%clk 01:31:42]} {[%emt 00:00:07]} 4.
Nxe4 {[%clk 01:32:06]} {[%emt 00:00:04]} Nf6 {[%clk 01:32:10]} {[%emt
00:00:03]} 5. Qe2 {[%clk 01:32:26]} {[%emt 00:00:09]} Nxe4 {[%clk 01:32:35]}
{[%emt 00:00:06]} 6. Qxe4 {[%clk 01:32:51]} {[%emt 00:00:05]} Nd7 {[%clk
01:32:58]} {[%emt 00:00:07]} 7. Bc4 {[%clk 01:32:14]} {[%emt 00:01:07]} Nf6
{[%clk 01:33:07]} {[%emt 00:00:21]} 8. Ne5 {[%clk 01:30:46]} {[%emt 00:01:58]}
e6 {[%clk 01:33:31]} {[%emt 00:00:06]} 9. Qe2 {[%clk 01:30:47]} {[%emt
00:00:29]} b5 {[%clk 01:33:56]} {[%emt 00:00:05]} 10. Bb3 {[%clk 01:27:50]}
{[%emt 00:03:27]} Qc7 {[%clk 01:33:59]} {[%emt 00:00:27]} 11. d4 {[%clk
01:26:48]} {[%emt 00:01:31]} Bd6 {[%clk 01:34:17]} {[%emt 00:00:12]} 12. Bf4
{[%clk 01:24:22]} {[%emt 00:02:56]} a5 {[%clk 01:34:10]} {[%emt 00:00:37]} 13.
c3 {[%clk 01:20:46]} {[%emt 00:04:06]} O-O {[%clk 01:30:27]} {[%emt 00:04:13]}
14. O-O {[%clk 01:13:34]} {[%emt 00:07:41]} c5 {[%clk 01:29:06]} {[%emt
00:01:51]} 15. dxc5 {[%clk 01:07:21]} {[%emt 00:06:43]} Qxc5 {[%clk 01:29:27]}
{[%emt 00:00:09]} 16. Nd3 {[%clk 01:00:35]} {[%emt 00:07:16]} Qc7 {[%clk
01:23:24]} {[%emt 00:06:39]} 17. Bxd6 {[%clk 00:59:44]} {[%emt 00:01:16]} Qxd6
{[%clk 01:23:49]} {[%emt 00:00:04]} 18. Rfd1 {[%clk 00:58:55]} {[%emt
00:01:19]} Bb7 {[%clk 01:19:26]} {[%emt 00:04:54]} 19. Ne5 {[%clk 00:50:21]}
{[%emt 00:09:03]} Qb6 {[%clk 01:16:06]} {[%emt 00:03:50]} 20. Rd4 {[%clk
00:42:08]} {[%emt 00:08:43]} Rfd8 {[%clk 01:03:42]} {[%emt 00:12:54]} 21. Rad1
{[%clk 00:42:12]} {[%emt 00:00:25]} Rxd4 {[%clk 01:03:45]} {[%emt 00:00:27]}
22. Rxd4 {[%clk 00:42:09]} {[%emt 00:00:33]} a4 {[%clk 01:03:42]} {[%emt
00:00:33]} 23. Bc2 {[%clk 00:41:18]} {[%emt 00:01:21]} a3 {[%clk 01:01:18]}
{[%emt 00:02:54]} 24. b3 {[%clk 00:37:27]} {[%emt 00:04:21]} Rc8 {[%clk
00:51:56]} {[%emt 00:09:52]} 25. Qd3 {[%clk 00:36:25]} {[%emt 00:01:33]} Qc7
{[%clk 00:46:49]} {[%emt 00:05:37]} 26. Nd7 {[%clk 00:30:26]} {[%emt 00:06:29]}
Bd5 {[%clk 00:35:50]} {[%emt 00:11:28]} 27. Nxf6+ {[%clk 00:29:41]} {[%emt
00:01:15]} gxf6 {[%clk 00:36:14]} {[%emt 00:00:06]} 28. Qxh7+ {[%clk 00:27:47]}
{[%emt 00:02:24]} Kf8 {[%clk 00:35:55]} {[%emt 00:00:49]} 29. Rd3 {[%clk
00:25:49]} {[%emt 00:02:28]} Ke7 {[%clk 00:27:12]} {[%emt 00:09:13]} 30. Qh4
{[%clk 00:21:41]} {[%emt 00:04:37]} Qe5 {[%clk 00:21:17]} {[%emt 00:06:26]} 31.
Qb4+ {[%clk 00:19:00]} {[%emt 00:03:11]} Ke8 {[%clk 00:21:14]} {[%emt
00:00:33]} 32. Qxb5+ {[%clk 00:18:31]} {[%emt 00:00:59]} Rc6 {[%clk 00:21:33]}
{[%emt 00:00:11]} 33. Re3 {[%clk 00:17:59]} {[%emt 00:01:01]} Qg5 {[%clk
00:21:30]} {[%emt 00:00:33]} 34. Qb8+ {[%clk 00:16:29]} {[%emt 00:02:00]} Ke7
{[%clk 00:21:30]} {[%emt 00:00:30]} 35. Qg3 {[%clk 00:16:21]} {[%emt 00:00:37]}
Qh5 {[%clk 00:19:03]} {[%emt 00:02:58]} 36. h3 {[%clk 00:15:27]} {[%emt
00:01:24]} Rc8 {[%clk 00:18:01]} {[%emt 00:01:32]} 37. Qg4 {[%clk 00:14:18]}
{[%emt 00:01:39]} Qxg4 {[%clk 00:17:48]} {[%emt 00:00:43]} 38. hxg4 {[%clk
00:14:42]} {[%emt 00:00:06]} Rg8 {[%clk 00:17:28]} {[%emt 00:00:51]} 39. f3
{[%clk 00:13:08]} {[%emt 00:02:04]} Rd8 {[%clk 00:17:10]} {[%emt 00:00:48]} 40.
Rd3 {[%clk 00:12:41]} {[%emt 00:00:57]} Rb8 {[%clk 00:17:08]} {[%emt 00:00:31]}
41. Kf2 {[%clk 00:11:16]} {[%emt 00:01:55]} Rh8 {[%clk 00:17:26]} {[%emt
00:00:12]} 42. c4 {[%clk 00:08:43]} {[%emt 00:03:04]} Bb7 {[%clk 00:17:34]}
{[%emt 00:00:22]} 43. b4 {[%clk 00:02:22]} {[%emt 00:06:50]} Rc8 {[%clk
00:17:44]} {[%emt 00:00:20]} 44. c5 {[%clk 00:00:34]} {[%emt 00:02:19]} Ra8
{[%clk 00:17:53]} {[%emt 00:00:21]} 45. b5 {[%clk 00:26:26]} {[%emt 00:04:38]}
Ra5 {[%clk 00:47:19]} {[%emt 00:01:05]} 46. c6 {[%clk 00:23:23]} {[%emt
00:03:33]} Rxb5 {[%clk 00:47:14]} {[%emt 00:00:35]} 47. Rd7+ {[%clk 00:22:07]}
{[%emt 00:01:46]} Kf8 {[%clk 00:47:11]} {[%emt 00:00:34]} 48. cxb7 {[%clk
00:21:22]} {[%emt 00:01:14]} Kg7 {[%clk 00:47:26]} {[%emt 00:00:14]} 49. Be4
{[%clk 00:20:25]} {[%emt 00:01:27]} f5 {[%clk 00:47:43]} {[%emt 00:00:14]} 50.
gxf5 {[%clk 00:20:46]} {[%emt 00:00:09]} exf5 {[%clk 00:48:10]} {[%emt
00:00:03]} 51. Bd5 {[%clk 00:20:58]} {[%emt 00:00:18]} Kf6 {[%clk 00:47:20]}
{[%emt 00:01:20]} 52. Rd8 {[%clk 00:21:09]} {[%emt 00:00:19]} Rb2+ {[%clk
00:47:41]} {[%emt 00:00:09]} 53. Ke3 {[%clk 00:21:24]} {[%emt 00:00:13]} f4+
{[%clk 00:48:05]} {[%emt 00:00:07]} 54. Kxf4 {[%clk 00:21:38]} {[%emt
00:00:16]} Rxg2 {[%clk 00:47:58]} {[%emt 00:00:37]} 55. b8=Q {[%clk 00:21:41]}
{[%emt 00:00:28]} Re2 {[%clk 00:48:13]} {[%emt 00:00:14]} 56. Qd6+ {[%clk
00:20:04]} {[%emt 00:02:08]} Kg7 {[%clk 00:48:32]} {[%emt 00:00:11]} 57. Qf8+
{[%clk 00:20:23]} {[%emt 00:00:10]} Kf6 {[%clk 00:48:44]} {[%emt 00:00:18]} 58.
Qxf7# {[%emt 00:00:07]} 1-0